Les villes représentées en Ligue Europa 2025/2026 - Statistiques

Statistiques générales
  • Ce quiz a été pris 22 fois
  • Le résultat moyen est 29 sur 35
Statistiques - réponses
Pays Ville % Correct
Athènes
100%
Roumanie Bucarest
100%
Turquie Istanbul
100%
Lille
100%
Lyon
100%
France Nice
100%
Portugal Porto
100%
Croatie Zagreb
100%
Berne
95%
Hongrie Budapest
95%
Écosse Glasgow
95%
Suède Malmö
95%
Italie Rome
95%
Pays-Bas Rotterdam
95%
Salzbourg
95%
Espagne Séville
95%
Israël Tel-Aviv
95%
Suisse Bâle
90%
Serbie Belgrade
90%
Angleterre Birmingham
90%
Braga
90%
Nottingham
85%
Allemagne Stuttgart
85%
Bologne
80%
Fribourg
75%
Autriche Graz
75%
Utrecht
75%
Belgique Genk
70%
République Tchèque Plzeň/Pilsen
65%
Vigo
65%
Grèce Théssalonique
55%
Bulgarie Razgrad
40%
Norvège Brann
35%
Deventer
30%
Danemark Herning
20%
Aucun quiz correspondant
Distribution des résultats
% des personnes avec chaque résultat
Percentile par nombre de réponses
Votre historique - résultats
Vous n’avez pas pris ce quiz